¿Hay una salida al problema de la deuda externa? /
Wedi'i Gadw mewn:
| Prif Awdur: | |
|---|---|
| Fformat: | Texto |
| Pynciau: | |
| Tagiau: |
Ychwanegu Tag
Dim Tagiau, Byddwch y cyntaf i dagio'r cofnod hwn!
|
MARC
| LEADER | 00000 a a2200000 04500 | ||
|---|---|---|---|
| 001 | 11931 | ||
| 003 | |||
| 040 | |||
| 100 | |a Hinkelammert, Franz J. | ||
| 245 | |a ¿Hay una salida al problema de la deuda externa? / |c Franz J. Hinkelammert | ||
| 650 | |a DEUDA EXTERNA | ||
| 650 | |a ECONOMIA | ||
| 650 | |a CREDITO | ||
| 650 | |a AJUSTE ESTRUCTURAL | ||
| 650 | |a GOBIERNO | ||
| 650 | |a FMI | ||
| 650 | |a RELACIONES INTERNACIONALES | ||
| 650 | |a BALANZA DE PAGOS | ||
| 773 | |g número 82; páginas 8-19 | ||
| 999 | |c 29691 |d 29691 | ||
| 773 | 0 | |0 41641 |9 2553 |a Departamento Ecuménico de Investigaciones (DEI) |d San José, Costa Rica Departamento Ecuménico de Investigaciones (DEI) |o 20147 |t Pasos / | |
